|
|
|
|
| LEADER |
00000nam0a2200000 4500 |
| 001 |
301383 |
| 005 |
20231102001409.0 |
| 035 |
|
|
|a (RuTPU)RU\TPU\book\326555
|
| 090 |
|
|
|a 301383
|
| 100 |
|
|
|a 20150730d1965 km y0rusy50 ca
|
| 101 |
0 |
|
|a rus
|
| 102 |
|
|
|a RU
|
| 105 |
|
|
|a a z 001zb
|
| 200 |
1 |
|
|a Зинин
|f Л. И. Гумилевский
|
| 210 |
|
|
|a Москва
|c Молодая гвардия
|d 1965
|
| 215 |
|
|
|a 271 с.
|c ил.
|
| 225 |
1 |
|
|a Жизнь замечательных людей. Серия биографий
|v Вып. 9 (404)
|
| 320 |
|
|
|a Библиогр.: с. 268-270.
|
| 600 |
|
1 |
|a Зинин
|b Н. Н.
|c химик-органик
|f 1812-1880
|g Николай Николаевич
|2 stltpush
|3 (RuTPU)RU\TPU\pers\7135
|9 1322
|
| 606 |
1 |
|
|a Химики
|x Персоналии
|2 stltpush
|3 (RuTPU)RU\TPU\subj\69968
|9 84576
|
| 610 |
1 |
|
|a химическая наука
|
| 610 |
1 |
|
|a история
|
| 610 |
1 |
|
|a Россия
|
| 610 |
1 |
|
|a СССР
|
| 610 |
1 |
|
|a биографии
|
| 675 |
|
|
|a 54(092)
|v 4
|
| 700 |
|
1 |
|a Гумилевский
|b Л. И.
|c руский писатель
|f 1890-1976
|g Лев Иванович
|2 stltpush
|3 (RuTPU)RU\TPU\pers\10697
|4 070
|9 2368
|
| 801 |
|
1 |
|a RU
|b 63413507
|c 20150730
|
| 801 |
|
2 |
|a RU
|b 63413507
|c 20200213
|g RCR
|
| 942 |
|
|
|c BK
|